000 00368nam a22001337a 4500
020 _qPB.
040 _cFIZZA ISHAQ
082 _a620.00420
_bJOS
100 _aMUSTO,JOSEPH HOWARD WILLIAM.
_990203
245 _aINTRODUCTION TO SOLID MODELING USING SOLIDWORKS /
_cWILLIAM, HOWARD JOSEPH MUSTO.
260 _aNEW YORK ;
_c2007.
300 _a326 P. ;
942 _2ddc
_cBK
999 _c588566
_d588566